Man of the West; (Record no. 553322)
[ view plain ]
| 000 -LEADER | |
|---|---|
| fixed length control field | 00663cam a22001811 4500 |
| 082 ## - DEWEY DECIMAL CLASSIFICATION NUMBER | |
| Classification number | 920 |
| Author Mark | WOO |
| 100 1# - MAIN ENTRY--PERSONAL NAME | |
| Personal name | George Washington, |
| 9 (RLIN) | 50574 |
| 245 10 - TITLE STATEMENT | |
| Title | Man of the West; |
| Remainder of title | reminiscences of George Washington Oaks, 1840-1917. |
| Statement of responsibility, etc. | Recorded by Ben Jaastad; edited and annotated by Arthur Woodward. |
| 260 ## - PUBLICATION, DISTRIBUTION, ETC. | |
| Place of publication, distribution, etc. | NEW YORK |
| Date of publication, distribution, etc. | c1956] |
| 300 ## - PHYSICAL DESCRIPTION | |
| Extent | 296p. |
| Other physical details | GORDON FAWCETT |
| Dimensions | 22cm. |
| 500 ## - GENERAL NOTE | |
| General note | "400 copies designed and printed by Lawton Kennedy." |
| 526 ## - STUDY PROGRAM INFORMATION NOTE | |
| Program name | 0 |
| Interest level | 0 |
| Reading level | 0 |
| Title point value | 920_000000000000000_WOO |
| 650 #0 - SUBJECT ADDED ENTRY--TOPICAL TERM | |
| Topical term or geographic name entry element | Frontier and pioneer life |
| Geographic subdivision | West (U.S.) |
| 9 (RLIN) | 50575 |
| 650 #0 - SUBJECT ADDED ENTRY--TOPICAL TERM | |
| Topical term or geographic name entry element | MCE |
| 9 (RLIN) | 379 |
| 700 1# - ADDED ENTRY--PERSONAL NAME | |
| Personal name | Jaastad, Ben. |
| 9 (RLIN) | 50576 |
| 700 1# - ADDED ENTRY--PERSONAL NAME | |
| Personal name | Woodward, Arthur, |
| 9 (RLIN) | 50577 |
| 942 ## - ADDED ENTRY ELEMENTS (KOHA) | |
| Source of classification or shelving scheme | |
| Koha item type | Book |
| Withdrawn status | Lost status | Source of classification or shelving scheme | Damaged status | Not for loan | Permanent Location | Current Location | Shelving location | Date acquired | Total Checkouts | Full call number | Barcode | Date last seen | Price effective from | Koha item type |
|---|---|---|---|---|---|---|---|---|---|---|---|---|---|---|
| Military College of Engineering (MCE) | Military College of Engineering (MCE) | 02/04/2015 | 920 WOO | MCE-MCG/1.1 | 02/04/2015 | 02/04/2015 | Book |
